000 01157nam a22001937a 4500
003 OSt
005 20240918115553.0
008 240918b ||||| |||| 00| 0 eng d
040 _cAIMIT LIBRARY
100 _aN, N, Spandana.
_e2216206
_9179293
245 _aA comparitive study on financial performance of fish industry /
_cBy Spandana N N ; Guided by Vinay Krishna.
260 _aUdupi :
_c2024.
650 _aResearch objectives
_9179294
650 _aScope of the study
_9179295
650 _aTrend analysis
_9179296
700 _aKrishna, Vinay
_9179297
856 _3Janatha Fish MEAL &Products
_ywww.janathafishmeal.com
942 _2ddc
_cPRO
999 _c231823
_d231823